[Event "BAN-chT2"]
[Site "Dhaka"]
[Date "2022.07.26"]
[Round "9.2"]
[White "Shafiqul, Islam"]
[Black "Md Moniruzzaman, Masud"]
[Result "1-0"]
[WhiteElo "1907"]
[BlackElo "1658"]
[PlyCount "46"]
[EventDate "2022.07.18"]
[EventType "team-swiss"]
[EventRounds "9"]
[EventCountry "BAN"]
[SourceTitle "EXT 2023"]
[Source "ChessBase"]
[SourceDate "2022.10.05"]
[SourceVersion "1"]
[SourceVersionDate "2022.10.05"]
[SourceQuality "1"]
[WhiteTeam "Shofi Uddin Shah Smrity Shansod"]
[BlackTeam "Shaukat Osman Shiriti Porishod"]
[WhiteTeamCountry "BAN"]
[BlackTeamCountry "BAN"]

1. b4 b6 2. Bb2 Bb7 3. c4 a5 4. b5 e6 5. e3 Nf6 6. Nf3 d5 7. d4 dxc4 8. Bxc4 Nbd7 9. Nbd2 g6 10. 0-0 Bg7 11. Ba3 Bf8 12. Bxf8 Kxf8 13. Qc2 Kg7 14. Rac1 Rc8 15. Qb2 Re8 16. Rfe1 h6 17. h3 Kg8 18. h4 Nd5 19. Bxd5 Bxd5 20. Rc2 c5 21. bxc6 Rxc6 22. e4 Rxc2 23. Qxc2 Bb7 1-0

[Event "Dhaka Walton op"]
[Site "Dhaka"]
[Date "2022.04.11"]
[Round "8"]
[White "Gazi Salah, Uddin"]
[Black "Md Moniruzzaman, Masud"]
[Result "1-0"]
[WhiteElo "2000"]
[BlackElo "1806"]
[PlyCount "121"]
[EventDate "2022.04.04"]
[EventType "swiss"]
[EventRounds "9"]
[EventCountry "BAN"]
[SourceTitle "CBM 207 Extra"]
[Source "ChessBase"]
[SourceDate "2022.05.31"]
[SourceVersion "1"]
[SourceVersionDate "2022.05.31"]
[SourceQuality "1"]

1. e4 e5 2. Nf3 Nc6 3. Bb5 a6 4. Ba4 Nf6 5. d3 d6 6. c3 Be7 7. 0-0 0-0 8. Nbd2 Bg4 9. Re1 Nd7 10. b4 f5 11. Qc2 Kh8 12. d4 fxe4 13. Bxc6 exf3 14. Bxb7 fxg2 15. Bxg2 Rb8 16. d5 Bh4 17. Ne4 Bf5 18. Be3 Nf6 19. c4 Ng4 20. Rf1 Rxb4 21. Bd2 Rb8 22. f3 Nf6 23. Rab1 Qe7 24. Rxb8 Rxb8 25. Rb1 Rf8 26. Be1 Nxe4 27. fxe4 Bc8 28. Qe2 g6 29. Bxh4 Qxh4 30. Rf1 Rxf1+ 31. Qxf1 Kg7 32. Qc1 Qf4 33. Qc3 Bg4 34. c5 Be2 35. cxd6 cxd6 36. h3 Kh6 37. Qa3 Qg5 38. Qxd6 Qe3+ 39. Kh2 Qf4+ 40. Kg1 Bd3 41. Qc5 g5 42. d6 Bxe4 43. d7 Bxg2 44. d8Q Qf1+ 45. Kh2 Qh1+ 46. Kg3 Qxh3+ 47. Kf2 Qf3+ 48. Ke1 Qe4+ 49. Kd2 Bf3 50. Qdf8+ Kh5 51. Qf7+ Kh4 52. Qf2+ Kg4 53. Qe6+ Kh5 54. Qh3+ Kg6 55. Qhxf3 Qb4+ 56. Qc3 Qa4 57. Qd3+ Kh6 58. Qd6+ Kh5 59. Qh2+ Kg4 60. Qe6+ Kf3 61. Qf5+ 1-0

[Event "Dhaka Marcel 1st Division"]
[Site "Dhaka"]
[Date "2019.11.14"]
[Round "3.2"]
[White "Sarbojit, Paul"]
[Black "Md Moniruzzaman, Masud"]
[Result "1-0"]
[WhiteElo "2074"]
[BlackElo "1828"]
[PlyCount "67"]
[EventDate "2019.11.12"]
[EventType "team-tourn"]
[EventRounds "9"]
[EventCountry "BAN"]
[SourceTitle "CBM 193 Extra"]
[Source "ChessBase"]
[SourceDate "2020.01.31"]
[SourceVersion "1"]
[SourceVersionDate "2020.01.31"]
[SourceQuality "1"]
[WhiteTeam "Khelaghar Daba Sangah"]
[BlackTeam "Kasparov CC"]
[WhiteTeamCountry "BAN"]
[BlackTeamCountry "BAN"]

1. e4 d5 2. exd5 Qxd5 3. Nc3 Qd6 4. d4 a6 5. h3 Nf6 6. Nf3 Bf5 7. Be3 Nc6 8. a3 e6 9. g3 Qd8 10. Bg2 Be7 11. Ne5 Nd5 12. Nxc6 bxc6 13. Bd2 0-0 14. 0-0 c5 15. g4 Bg6 16. f4 f5 17. Nxd5 exd5 18. c3 cxd4 19. cxd4 Rb8 20. b4 fxg4 21. hxg4 Be4 22. Qe2 Bf6 23. Bc3 Bxg2 24. Qxg2 h6 25. Rae1 a5 26. g5 hxg5 27. fxg5 Bxg5 28. Rxf8+ Kxf8 29. bxa5 Rb3 30. Qc2 Rxc3 31. Qxc3 Bf4 32. Qf3 Qh4 33. Qxf4+ Qxf4 34. Rf1 1-0

[Event "Dhaka Rating op"]
[Site "Dhaka"]
[Date "2019.05.24"]
[Round "3"]
[White "Md Abu, Hanif"]
[Black "Md Moniruzzaman, Masud"]
[Result "1/2-1/2"]
[WhiteElo "2042"]
[BlackElo "1875"]
[PlyCount "164"]
[EventDate "2019.05.23"]
[EventType "swiss"]
[EventRounds "8"]
[EventCountry "BAN"]
[SourceTitle "EXT 2020"]
[Source "ChessBase"]
[SourceDate "2019.10.17"]
[SourceVersion "1"]
[SourceVersionDate "2019.10.17"]
[SourceQuality "1"]

1. d4 Nf6 2. Nf3 d5 3. Bf4 c6 4. c3 Bf5 5. Nbd2 h6 6. h3 e6 7. e3 Bd6 8. Ne5 Qc7 9. Bh2 Nbd7 10. f4 Bxe5 11. fxe5 Ng8 12. Be2 Ne7 13. 0-0 0-0 14. Rf2 Bg6 15. Nf1 c5 16. Bd3 Bxd3 17. Qxd3 Rac8 18. Bg3 a6 19. Kh2 cxd4 20. exd4 Qc4 21. Qd2 f5 22. exf6 Rxf6 23. Ne3 Rxf2 24. Qxf2 Qd3 25. Rd1 Qe4 26. Re1 Rf8 27. Qd2 Qg6 28. Bd6 Qg5 29. Nf1 Qxd2 30. Nxd2 Kf7 31. Nf3 Re8 32. g4 Ng8 33. Ne5+ Nxe5 34. Bxe5 Nf6 35. Rf1 Ke7 36. Rf4 b5 37. h4 Rc8 38. g5 hxg5 39. hxg5 Rh8+ 40. Kg2 Ne8 41. Rf1 Rh5 42. Bf4 g6 43. a4 Nd6 44. axb5 axb5 45. Ra1 Ne4 46. Ra7+ Kf8 47. Ra8+ Kf7 48. Ra7+ Kf8 49. Rb7 Nxg5 50. Rxb5 Nf7 51. b4 Ke7 52. Rc5 Rf5 53. Bg3 e5 54. dxe5 Nxe5 55. Rxd5 Nc4 56. Rd3 Ke6 57. Bf2 Rd5 58. Bd4 Rg5+ 59. Kf3 Rh5 60. Rd1 Rh3+ 61. Kf2 Nd6 62. Re1+ Kf5 63. Ke2 g5 64. Kd2 g4 65. b5 Rh2+ 66. Kd3 Rh3+ 67. Kc2 g3 68. b6 Rh7 69. Re5+ Kf4 70. Re6 Nf5 71. Bc5 Rg7 72. Kb3 g2 73. Bg1 Nh4 74. c4 Nf3 75. Be3+ Kf5 76. Re8 g1Q 77. Bxg1 Rxg1 78. c5 Ne5 79. Ka4 Rb1 80. Ka5 Nd7 81. Rd8 Ke6 82. c6 Nxb6 1/2-1/2

[Event "Dhaka Walton op 07"]
[Site "Dhaka"]
[Date "2018.07.06"]
[Round "3"]
[White "Md Moniruzzaman, Masud"]
[Black "Santu, Chakma1"]
[Result "1-0"]
[WhiteElo "1851"]
[BlackElo "1691"]
[PlyCount "91"]
[EventDate "2018.07.04"]
[EventType "swiss"]
[EventRounds "9"]
[EventCountry "BAN"]
[SourceTitle "EXT 2019"]
[Source "ChessBase"]
[SourceDate "2018.10.10"]
[SourceVersion "1"]
[SourceVersionDate "2018.10.10"]
[SourceQuality "1"]

1. e4 c5 2. Nf3 Nc6 3. c3 e5 4. Be2 Nf6 5. d3 Be7 6. Nbd2 0-0 7. Qc2 d5 8. Nf1 d4 9. Ng3 Bd6 10. 0-0 h6 11. h3 Be6 12. Bd2 Qd7 13. Nh4 b5 14. Nhf5 Bc7 15. Rfc1 Bb6 16. Kh2 Rfd8 17. cxd4 exd4 18. a4 b4 19. b3 a5 20. f4 Bxf5 21. exf5 Rac8 22. Bg4 Ne7 23. Re1 Ned5 24. Re5 Bc7 25. Rae1 Bxe5 26. fxe5 Nxg4+ 27. hxg4 Re8 28. Qc1 Qd8 29. Kh3 Kh7 30. Re4 Nc3 31. Re1 Qd5 32. Bxc3 dxc3 33. Qf4 Qxb3 34. f6 g6 35. Nf5 Rh8 36. Kg3 Kg8 37. Nxh6+ Kf8 38. e6 Qd5 39. Nxf7 Rh7 40. Ng5 Qxd3+ 41. Re3 Qxe3+ 42. Qxe3 Rb7 43. e7+ Kg8 44. f7+ Kg7 45. Qe5+ Kh6 46. f8Q+ 1-0

[Event "Dhaka IRT U2000"]
[Site "Dhaka"]
[Date "2018.02.20"]
[Round "7"]
[White "Md Moniruzzaman, Masud"]
[Black "Md, Matiur Rahman"]
[Result "0-1"]
[WhiteElo "1859"]
[BlackElo "1976"]
[PlyCount "115"]
[EventDate "2018.02.14"]
[EventType "swiss"]
[EventRounds "9"]
[EventCountry "BAN"]
[SourceTitle "EXT 2024"]
[Source "ChessBase"]
[SourceDate "2023.10.10"]
[SourceVersion "1"]
[SourceVersionDate "2023.10.10"]
[SourceQuality "1"]

1. e4 c5 2. Nf3 d6 3. c3 Nf6 4. Be2 Nc6 5. d3 g6 6. Bf4 Bg7 7. Qc1 0-0 8. Bh6 e5 9. Bxg7 Kxg7 10. Bd1 c4 11. Bc2 cxd3 12. Bxd3 d5 13. Nbd2 dxe4 14. Bxe4 Nxe4 15. Nxe4 f5 16. Ng3 e4 17. Ng1 Ne5 18. Qc2 Nd3+ 19. Kf1 Qb6 20. f3 Bd7 21. Rd1 Rac8 22. b3 Rf6 23. Nh3 Bc6 24. c4 Nb4 25. Qf2 exf3 26. gxf3 Qxf2+ 27. Kxf2 Nxa2 28. Rhg1 Kh8 29. Rd2 Nb4 30. Re1 Rff8 31. Ng5 Rce8 32. Rxe8 Rxe8 33. h4 Kg7 34. Rd6 Re7 35. Ne6+ Kf7 36. Nd8+ Ke8 37. Nxc6 Nxc6 38. h5 Rd7 39. Re6+ Kf7 40. Re2 Rd3 41. hxg6+ hxg6 42. Rb2 Nd4 43. b4 Rxf3+ 44. Kg2 Rc3 45. c5 Rc2+ 46. Rxc2 Nxc2 47. b5 Nd4 48. b6 axb6 49. cxb6 Kf6 50. Nf1 f4 51. Nd2 Kf5 52. Nc4 Nb5 53. Na5 Nd6 54. Nb3 g5 55. Nd4+ Ke4 56. Ne6 g4 57. Kf2 Ke5 58. Nc5 0-1

[Event "Dhaka Powertec op-B"]
[Site "Dhaka"]
[Date "2017.07.22"]
[Round "8"]
[White "Noshin, Anjum"]
[Black "Md Moniruzzaman, Masud"]
[Result "0-1"]
[WhiteElo "1675"]
[BlackElo "1870"]
[PlyCount "160"]
[EventDate "2017.07.15"]
[EventType "swiss"]
[EventRounds "9"]
[EventCountry "BAN"]
[SourceTitle "EXT 2018"]
[Source "ChessBase"]
[SourceDate "2017.10.13"]
[SourceVersion "1"]
[SourceVersionDate "2017.10.13"]
[SourceQuality "1"]

1. e4 c6 2. d4 d5 3. exd5 cxd5 4. Bd3 Nf6 5. c3 Bg4 6. Ne2 Nbd7 7. f3 Bh5 8. Nf4 e6 9. 0-0 Bg6 10. Re1 Bd6 11. Qc2 Bxd3 12. Nxd3 0-0 13. Bf4 Bxf4 14. Nxf4 Qc7 15. Nd3 Rac8 16. Nd2 Rfe8 17. Ne5 Nxe5 18. Rxe5 Nd7 19. Ree1 Qb6 20. Qb3 Qc7 21. Rac1 Nb6 22. Qc2 Qf4 23. Qd3 Qh4 24. Qe3 Rc6 25. Qf2 Qf6 26. Re5 Rec8 27. Rce1 g6 28. f4 Nd7 29. R5e3 b5 30. Rh3 Nb6 31. Qh4 Qxh4 32. Rxh4 Nc4 33. Nxc4 bxc4 34. Re3 h5 35. g4 hxg4 36. Rxg4 Rb8 37. Rg2 Kg7 38. h4 Kf6 39. Kh2 Rcb6 40. Ree2 Rd6 41. a3 Rb3 42. Kg3 Rb8 43. Kg4 Rdb6 44. Rh2 Rh8 45. Re5 a5 46. Kg3 Rbb8 47. Kg4 Rh7 48. Re3 Rh5 49. Re5 Rbh8 50. Rh1 Ke7 51. Rh2 Kd6 52. Kg3 f6 53. Ree2 Re8 54. Re3 e5 55. fxe5+ fxe5 56. Rf2 e4 57. Rf6+ Re6 58. Rf7 Kc6 59. a4 g5 60. hxg5 Rxg5+ 61. Kf2 Rh6 62. Re2 Rgg6 63. Ke3 Rh1 64. Ref2 Ra1 65. R2f6+ Rxf6 66. Rxf6+ Kd7 67. Rh6 Rxa4 68. Rh7+ Kc6 69. Rh6+ Kb5 70. Rd6 Ra2 71. Rxd5+ Ka4 72. Kxe4 Rxb2 73. Rc5 Kb3 74. Rxa5 Kxc3 75. d5 Re2+ 76. Kf3 Re5 77. Kf4 Kd4 78. Ra1 Re8 79. Rd1+ Kc5 80. d6 c3 0-1